| 000 | 01773nam a22004817a 4500 | ||
|---|---|---|---|
| 003 | CHAP | ||
| 005 | 20220329141149.0 | ||
| 008 | 971010s1981 r 10010 d | ||
| 010 | _a63681 | ||
| 011 | _a64653 | ||
| 035 | _a70616 | ||
| 040 | _cCHAP | ||
| 082 |
_a581.9095 _bR4 |
||
| 111 | 0 | 0 |
_aReunión Nacional sobre Ecología, Manejo y Domesticación de Plantas Utiles del Desierto ( _n1 _d: 1980 _c: Monterrey, N. L) _996560 |
| 245 | _aMemoria | ||
| 260 |
_aMéxico, D. F. : _bINIF, _c1981 |
||
| 300 |
_a527 p. _b: ilus. |
||
| 490 |
_aPublicación especial _v; 31 |
||
| 590 |
_aBATCH-UPD _b10 _c20130109 _lUCH01 _h2327 |
||
| 590 |
_aBATCH-UPD _b10 _c20130110 _lUCH01 _h0237 |
||
| 590 |
_aBATCH-UPD _b10 _c20130110 _lUCH01 _h1116 |
||
| 590 |
_aBATCH-UPD _b10 _c20130409 _lUCH01 _h1852 |
||
| 590 |
_aBATCH-UPD _b10 _c20130409 _lUCH01 _h2302 |
||
| 590 |
_aBATCH-UPD _b10 _c20130410 _lUCH01 _h1303 |
||
| 590 |
_aBATCH-UPD _b10 _c20130914 _lUCH01 _h0739 |
||
| 590 |
_aCONVERSION _b10 _c20130109 _lUCH01 _h1334 |
||
| 650 | 1 | 4 |
_aBotánica económica _xRegiones áridas. _914673 |
| 650 | 1 | 4 |
_aCandelilla. _918328 |
| 650 | 1 | 4 |
_aFlora desértica. _941326 |
| 650 | 1 | 4 |
_aGuayule. _951071 |
| 650 | 1 | 4 |
_aJojoba. _961935 |
| 650 | 1 | 4 |
_aNopal. _981647 |
| 650 | 1 | 4 |
_aOrégano. _983623 |
| 650 | 1 | 4 |
_aYuca. _9123269 |
| 830 | 0 |
_aPublicación especial _v; 31 _992760 |
|
| 901 | _aBK | ||
| 942 | _cLIBRO | ||
| 949 |
_a581.9095 R4 _bBC _cCONG _d-149916 _eCONG _fc.2 _h58848 _i70616 _si |
||
| 949 |
_a581.9095 R4 _bBC _cLIBRO _d-149917 _eLIBRO _fc.3 _h68441 _i70616 _si |
||
| 949 |
_a581.9095 R4 _bBC _cLIBRO _d33724000450433 _eLIBRO _fc.4 _h68442 _i70616 _si |
||
| 949 |
_a581.9095 R4 _bBC _cLIBRO _d33724000635827 _eLIBRO _fc.5 _h81585 _i70616 _si |
||
| 949 |
_a581.9095 R4 _bBC _cLIBRO _d33724000920005 _eLIBRO _h58847 _i70616 _si |
||
| 999 |
_c63681 _d63681 |
||